|
|
|
|
| LEADER |
00000nam0a2200000 4500 |
| 001 |
118834 |
| 005 |
20231101215509.0 |
| 020 |
|
|
|a RU
|b 83-80542
|
| 035 |
|
|
|a (RuTPU)RU\TPU\book\128588
|
| 090 |
|
|
|a 118834
|
| 100 |
|
|
|a 20070619d1983 m y0rusy5003 ca
|
| 101 |
0 |
|
|a rus
|
| 102 |
|
|
|a RU
|
| 105 |
|
|
|a a z 000ay
|
| 200 |
1 |
|
|a Повести
|f А. Г. Алексин
|g авт. послесл. В. Воронов; худож. Е. Бондарева
|
| 210 |
|
|
|a Москва
|c Молодая гвардия
|d 1983
|
| 215 |
|
|
|a 430 с.
|c ил., 1 л. портр.
|d 21 см
|
| 464 |
|
|
|t Раздел имущества; Сигнальщики и Горнисты; Очень страшная история; "Безумная Евдокия"; А тем временем где-то...; Здоровые и больные; Мой брат играет на кларнете; Поздний ребенок; В тылу как в тылу
|o повести
|
| 610 |
1 |
|
|a русская литература
|
| 610 |
1 |
|
|a повести
|
| 675 |
|
|
|a Р2
|z rus
|
| 700 |
|
1 |
|a Алексин
|b А. Г.
|c русский писатель
|f 1924-
|g Анатолий Георгиевич
|2 stltpush
|3 (RuTPU)RU\TPU\pers\36196
|4 070
|9 19276
|
| 702 |
|
1 |
|a Воронов
|b В.
|4 075
|
| 702 |
|
1 |
|a Бондарева
|b Е.
|4 440
|
| 801 |
|
0 |
|a RU
|b RuMRKP
|c 19950704
|g psbo
|
| 801 |
|
1 |
|a RU
|b 63413507
|c 20070619
|g PSBO
|
| 801 |
|
2 |
|a RU
|b 63413507
|c 20180507
|g PSBO
|
| 942 |
|
|
|c BK
|